| 000 | 00962cam a2200241 4500 | ||
|---|---|---|---|
| 001 | ABS62894 | ||
| 008 | 000000n2000 000 0 eng u | ||
| 035 | _a(Sirsi) u108497 | ||
| 100 | _aMenzies, A. | ||
| 245 | _aUphold one's interest | ||
| 260 | _c2000 | ||
| 490 |
_aEstates Gazette _v(0036) 9 September 2000, 160-161(2) |
||
| 520 | _aDiscusses the various strategies owners of Scottish property are devising to ensure they retain control over its use and development once the feudal system ceases. Focuses on two vehicles for controlling development: the letting rather than selling of non-residential property and the use of claw-back or top-up payments to secure a share of future development profit. | ||
| 590 | _aABS | ||
| 650 | _aSCOTLAND | ||
| 650 | _aFEUDAL SYSTEM | ||
| 650 | _aLAND OWNERSHIP | ||
| 650 | _aCOMMERCIAL LEASES | ||
| 650 | _aCLAWBACK | ||
| 650 | _aPROPERTY OWNERS | ||
| 690 | _aPROPERTY-LANDLORD AND TENANT | ||
| 942 | _n0 | ||
| 999 |
_c64780 _d64780 |
||